Iron in her soul : Elizabeth Gurley Flynn and the American Left /

Bibliographic Details
Main Author: Camp, Helen C.
Corporate Author: NetLibrary, Inc
Format: eBook
Language:English
Published: Pullman, Wash. : WSU Press, [1995]
Subjects:
Online Access:Connect to the full text of this electronic book

MARC

Tag First Indicator Second Indicator Subfields
LEADER 00000cam a2200000 4500
001 in00001578821
005 20220103182004.0
006 m u
007 cr cn|||||||||
008 001008s1995 wauaf sb s001 0beng
010 |z 94043829 
020 |a 058520067X (electronic bk.) :  |c $40.00 
020 |z 0874221056 (cloth : acid-free paper) 
020 |z 0874221064 (paper : acid-free paper) 
035 |a 21749  |b (N$T) 
035 |a nL21749 
040 |a N$T  |c N$T  |d UtOrBLW 
043 |a n-us--- 
050 1 0 |a HX84.F5  |b C36 1995eb 
082 0 4 |a 335/.0092  |a B  |2 20 
100 1 |a Camp, Helen C.  |0 http://id.loc.gov/authorities/names/n94109061 
245 1 0 |a Iron in her soul :  |b Elizabeth Gurley Flynn and the American Left /  |c Helen C. Camp. 
264 1 |a Pullman, Wash. :  |b WSU Press,  |c [1995] 
264 4 |c ©1995 
300 |a xxviii, 396 pages, 16 unnumbered pages of plates :  |b illustrations ;  |c 24 cm. 
336 |a text  |b txt  |2 rdacontent 
337 |a computer  |b c  |2 rdamedia 
338 |a online resource  |b cr  |2 rdacarrier 
504 |a Includes bibliographical references (pages [365]-375) and index. 
533 |a Electronic reproduction.  |b Boulder, Colo. :  |c NetLibrary,  |d 2000.  |n Available via World Wide Web.  |n Access may be limited to NetLibrary affiliated libraries. 
500 |a Electronic resource. 
600 1 0 |a Flynn, Elizabeth Gurley.  |0 http://id.loc.gov/authorities/names/n50003598 
650 0 |a Communists  |z United States  |v Biography.  |0 http://id.loc.gov/authorities/subjects/sh2008101368 
650 0 |a Women labor leaders  |z United States  |x Biography. 
610 2 0 |a Industrial Workers of the World.  |0 http://id.loc.gov/authorities/names/n80079695 
655 0 |a Electronic books. 
710 2 |a NetLibrary, Inc.  |0 http://id.loc.gov/authorities/names/no99080690 
776 0 |c Original  |w (DLC) 94043829 
856 4 1 |u https://proxy.library.tamu.edu/login?url=http://www.netLibrary.com/urlapi.asp?action=summary&v=1&bookid=21749  |z Connect to the full text of this electronic book  |t 0 
999 |a MARS 
999 f f |s e2799e02-44f1-352b-9314-66d15f55fddd  |i e41814d8-b75c-3f5f-b260-02bf71581516  |t 0 
952 f f |a Texas A&M University  |b College Station  |c Electronic Resources  |d Available Online  |t 0  |e HX84.F5 C36 1995eb  |h Library of Congress classification 
998 f f |a HX84.F5 C36 1995eb  |t 0  |l Available Online